Statistics for 2023–2024 NBA Statistical Leaders

Click here to take the quiz!

General Stats

  • This quiz has been taken 4,759 times
    (1,507 since last reset)
  • The average score is 28 of 49

Answer Stats

Answer% Correct
Luka Dončić
99%
Nikola Jokić
96%
Stephen Curry
96%
G. Antetokounmpo
94%
LeBron James
93%
S. Gilgeous-Alexander
91%
V. Wembanyama
89%
Kevin Durant
88%
Anthony Davis
87%
Jayson Tatum
86%
Devin Booker
84%
Rudy Gobert
83%
Tyrese Haliburton
83%
Domantas Sabonis
81%
James Harden
79%
Damian Lillard
78%
Jalen Brunson
78%
Paul George
77%
De'Aaron Fox
75%
Kawhi Leonard
75%
Klay Thompson
74%
Dejounte Murray
70%
Chet Holmgren
63%
Brook Lopez
54%
Jarrett Allen
53%
Jaren Jackson Jr.
48%
Myles Turner
46%
Aaron Gordon
45%
Nikola Vučević
43%
Josh Hart
41%
Clint Capela
40%
Jusuf Nurkić
37%
D'Angelo Russell
36%
Scottie Barnes
36%
Cade Cunningham
34%
CJ McCollum
33%
Fred VanVleet
33%
Daniel Gafford
32%
Tyus Jones
32%
Josh Giddey
30%
Donte DiVincenzo
28%
Jalen Duren
27%
Walker Kessler
27%
Nic Claxton
26%
Alex Caruso
22%
Jalen Suggs
20%
Bogdan Bogdanović
13%
Matisse Thybulle
12%
Dyson Daniels
4%

Score Distribution

Percentile by Number Answered

Percent of People with Each Score

Your Score History

You have not taken this quiz since the last reset